Divoký pes dingo, aneb, Příběh o první lásce : pro čtenáře od 9 let / Ruvim Frajerman ; z ruštiny přeložila Jarmila Fromková ; ilustrace Jitka Kolínská ; grafická úprava Zdeněk Kudělka
Record details
- Physical Description: 140 s. : barev. obr. ; 21 cm
- Edition: 5. vyd., (4. vyd. v Albatrosu)
- Publisher: Praha : Albatros, 1987
Content descriptions
| General Note: | 100000 výt. |
Search for related items by series
Available copies
- 1 of 1 copy available at Common Catalog SPOK.
Holds
- 0 current holds with 1 total copy.
Show Only Available Copies
| Location | Call Number / Copy Notes | Barcode | Shelving Location | Status | Due Date |
|---|---|---|---|---|---|
| Hospic Dobrého Pastýře | BE-F
Tematická katagorie: Beletrie (BE) |
204595701002 | Knihovna | Available | - |
Electronic resources
Version of Resource: Digitalizovaný dokument
| LDR | 01342nam a2200337 4500 | ||
|---|---|---|---|
| 001 | 29485 | ||
| 003 | CZ-PrJAB | ||
| 005 | 20171129133353.0 | ||
| 007 | tu | ||
| 008 | 870506s1987 xr a u0|0 cze | ||
| 015 | . | ‡acnb000030455 | |
| 020 | . | ‡q(Váz.) : ‡c20 Kčs | |
| 035 | . | ‡a(CZ PrNK)ck8702210 | |
| 035 | . | ‡a(OCoLC)39411110 | |
| 040 | . | ‡aABA001 ‡bcze ‡dABA001 | |
| 041 | 1 | . | ‡acze ‡hrus |
| 080 | . | ‡a882-93-32 ‡2undef | |
| 080 | . | ‡a882-32(02.053.2) ‡2undef | |
| 100 | 1 | . | ‡aFrajerman, Ruvim Isajevič, ‡d1891-1972 ‡7xx0002775 ‡4aut |
| 245 | 1 | 0. | ‡aDivoký pes dingo, aneb, Příběh o první lásce : ‡bpro čtenáře od 9 let / ‡cRuvim Frajerman ; z ruštiny přeložila Jarmila Fromková ; ilustrace Jitka Kolínská ; grafická úprava Zdeněk Kudělka |
| 250 | . | ‡a5. vyd., (4. vyd. v Albatrosu) | |
| 260 | . | ‡aPraha : ‡bAlbatros, ‡c1987 ‡e(Čes. Těšín : ‡fTisk 3) | |
| 300 | . | ‡a140 s. : ‡bbarev. obr. ; ‡c21 cm | |
| 490 | 1 | . | ‡aKlub mladých čtenářů |
| 500 | . | ‡a100000 výt. | |
| 700 | 1 | . | ‡aFromková, Jarmila, ‡d1922- ‡7jk01032021 ‡4trl |
| 700 | 1 | . | ‡aKolínská, Jitka, ‡d1930-1992 ‡7jk01061342 ‡4ill |
| 765 | 0 | . | ‡tDikaja sobaka dingo ili rasskaz o pervoj ljubvi ‡9Česky |
| 830 | 0. | ‡aKlub mladých čtenářů (Albatros) | |
| 856 | 4 | 1. | ‡uhttp://kramerius4.nkp.cz/search/handle/uuid:101347e0-ebd4-11e3-b72e-005056827e52 ‡yDigitalizovaný dokument |
| 910 | . | ‡aBNE702 | |
| 998 | . | ‡a000030455 | |
| 901 | . | ‡a29485 ‡b ‡c29485 ‡tbiblio | |